| 000 | 00834nam a2200289 i 4500 | ||
|---|---|---|---|
| 001 | 11741 | ||
| 003 | ES-MaACL | ||
| 005 | 20250115141207.0 | ||
| 007 | t| | ||
| 008 | 921223s1990 sp ||||0| spa d | ||
| 016 | 7 | _zCHM920018218 | |
| 020 | _a84-40241-1990 | ||
| 040 |
_aCHM _bspa _cCHM |
||
| 080 | _a791.8 | ||
| 100 | 1 |
_aSainz Moreno, Javier. _9101604 |
|
| 245 | 1 | 0 |
_aCuaderno de circo / _cJavier Sáinz Moreno ; ilustraciones, Elena Sainz Moreno. |
| 250 | _a[1ª ed.]. | ||
| 260 |
_aMadrid : _b[Javier Sainz Moreno], _c1990. |
||
| 300 |
_a174 p : _bil ; _c23 cm. |
||
| 490 | 1 |
_aColección taxodium ; _v1 |
|
| 650 | 1 | 4 |
_aCirco. _911043 |
| 700 | 1 |
_aSainz Moreno, Elena. _9101602 |
|
| 830 | 0 |
_aColección taxodium ; _v1 _9228215 |
|
| 852 |
_aES-MaACL _jL-19044 _bR.125270 |
||
| 942 | _2udc | ||
| 999 |
_c11741 _d11741 |
||